Kde start-upom miešajú Redbull

Podnikateľské inkubátory na Slovensku. Hráči novej generácie. Start-upy etablované nielen v hlavnom meste. Pražská výzva. Na mieru šité konzultácie, individuálny mentoring a financovanie. Akcelerátor Booster. Creative Industry Košice a program Escalator. Financovanie start-upov. Zoznam start-upov v...

Descripción completa

Guardado en:
Detalles Bibliográficos
Autor principal: Andacký, Jozef
Formato: Capítulo de libro
Lenguaje:eslovaco
Materias:
Etiquetas: Agregar Etiqueta
Sin Etiquetas, Sea el primero en etiquetar este registro!

MARC

LEADER 00000naa a2200000 4500
001 0219601
005 20231113105307.5
041 0 |a slo 
044 |a SK 
245 1 0 |a Kde start-upom miešajú Redbull  |c Jozef Andacký 
520 |a Podnikateľské inkubátory na Slovensku. Hráči novej generácie. Start-upy etablované nielen v hlavnom meste. Pražská výzva. Na mieru šité konzultácie, individuálny mentoring a financovanie. Akcelerátor Booster. Creative Industry Košice a program Escalator. Financovanie start-upov. Zoznam start-upov v akcelerátoroch a inkubátoroch. 
610 2 0 |a start-up 
610 2 0 |a inkubátory podnikateľské 
610 2 0 |a podnikanie 
610 2 0 |a podnikatelia 
610 2 0 |a technológie informačné 
610 2 0 |a technológie komunikačné 
610 2 0 |a financie 
100 1 |a Andacký, Jozef